000 00223nam a2200097Ia 4500
008 170619s9999 xx 000 0 und d
100 _aBAGOD- V S
245 0 _aINDUSTRIAL MANAGEMENT
260 _bPune : Tech. Pub.
260 _c2007
546 _aENGLISH
999 _c18408
_d18408